| 000 | 00597nam a2200205Ia 4500 | ||
|---|---|---|---|
| 005 | 20241218020740.0 | ||
| 008 | 240331s9999 xx 000 0 und d | ||
| 020 | _a9068327143 | ||
| 082 |
_bCRI _24599 _a305 |
||
| 100 | _aCritical Reviews and Annotated Bibliographical Series | ||
| 245 | 0 |
_aGender, Society and Development : _bGender Perspectives on Property and Inheritance |
|
| 260 |
_aAmsterdam _bKIT Publishers _c2001 |
||
| 260 |
_aOxford _bOxfam Publishing _c2001 |
||
| 300 | _a142 p., | ||
| 650 | _aGender | ||
| 650 | _aWomen | ||
| 650 | _aProperty | ||
| 650 | _aInheritance | ||
| 942 | _cL | ||
| 999 |
_c1417 _d1417 |
||